Statistics for Madden NFL 21 Players with a Superstar X Factor

Click here to take the quiz!

General Stats

  • This quiz has been taken 305 times
  • The average score is 39 of 50

Answer Stats

TeamPositionPlayer% Correct
Buffalo BillsWRStefon Diggs
99%
Tampa Bay BuccaneersQBTom Brady
97%
Chicago BearsLOLBKhalil Mack
96%
Tampa Bay BuccaneersWRMike Evans
96%
Cleveland BrownsHBNick Chubb
96%
Arizona CardinalsLOLBChandler Jones
95%
Arizona CardinalsWRDeAndre Hopkins
95%
Atlanta FalconsWRJulio Jones
95%
Los Angeles ChargersWRKeenan Allen
94%
Kansas City ChiefsQBPatrick Mahomes
94%
Denver BroncosLOLBVon Miller
94%
Los Angeles ChargersLEJoey Bosa
93%
Cleveland BrownsREMyles Garrett
93%
San Francisco 49ersRENick Bosa
93%
Kansas City ChiefsWRTyreek Hill
93%
Kansas City ChiefsTETravis Kelce
92%
Buffalo BillsCBTre'Davious White
92%
Green Bay PackersQBAaron Rodgers
84%
Green Bay PackersWRDavante Adams
83%
San Francisco 49ersTEGeorge Kittle
83%
Dallas CowboysHBEzekiel Elliott
82%
Baltimore RavensQBLamar Jackson
82%
Tampa Bay BuccaneersMLBLavonte David
81%
Minnesota VikingsHBDalvin Cook
80%
Seattle SeahawksQBRussell Wilson
80%
New York GiantsHBSaquon Barkley
80%
Pittsburgh SteelersLOLBT.J Watt
80%
New Orleans SaintsHBAlvin Kamara
79%
Tennessee TitansHBDerrick Henry
79%
Houston TexansLEJ.J Watt
79%
New Orleans SaintsWRMichael Thomas
79%
Dalas CowboysWRAmari Cooper
78%
Los Angeles RamsCBJalen Ramsey
78%
Seattle SeahawksSSJamal Adams
78%
Los Angeles RamsREAaron Donald
77%
Kansas City ChiefsDTChris Jones
77%
Carolina PanthersHBChristian Mccaffrey
77%
Seattle SeahawksMLBBobby Wagner
76%
Minnesota VikingsWRAdam Thielen
75%
New England PatriotsCBStephon Gilmore
75%
New Orleans SaintsLECameron Jordan
70%
San Francisco 49ersCBRichard Sherman
69%
Green Bay PackersCBJaire Alexander
53%
Minnesota VikingsSSHarrison Smith
51%
Philadelphia EaglesDTFletcher Cox
50%
Kansas City ChiefsSSTyrann Mathieu
48%
Indianapolis ColtsDTDeForest Buckner
46%
New England PatriotsFSDevin McCourty
46%
Minnesota VikingsLEDanielle Hunter
41%
Los Angeles ChargersSSDerwin James Jr
41%

Score Distribution

Percentile by Number Answered

Percent of People with Each Score

Your Score History

You have not taken this quiz